<?xml version="1.0" encoding="UTF-8"?>
<record
    xmlns:xsi="http://www.w3.org/2001/XMLSchema-instance"
    xsi:schemaLocation="http://www.loc.gov/MARC21/slim http://www.loc.gov/standards/marcxml/schema/MARC21slim.xsd"
    xmlns="http://www.loc.gov/MARC21/slim">

  <leader>02553nam a22006017a 4500</leader>
  <controlfield tag="003">OSt</controlfield>
  <controlfield tag="005">20230816104224.0</controlfield>
  <controlfield tag="008">220929b        |||||||| |||| 00| 0 eng d</controlfield>
  <datafield tag="040" ind1=" " ind2=" ">
    <subfield code="c">Biblioteca Lado V</subfield>
  </datafield>
  <datafield tag="082" ind1=" " ind2=" ">
    <subfield code="a">779.942.092</subfield>
    <subfield code="b">I12o</subfield>
  </datafield>
  <datafield tag="100" ind1=" " ind2=" ">
    <subfield code="9">938</subfield>
    <subfield code="a">Ibarra, Alejandro</subfield>
    <subfield code="e">editor</subfield>
  </datafield>
  <datafield tag="245" ind1=" " ind2=" ">
    <subfield code="a">Orgullo/</subfield>
    <subfield code="b">Gu&#xED;a del dosmil dieciocho/</subfield>
  </datafield>
  <datafield tag="260" ind1=" " ind2=" ">
    <subfield code="b">Frente por los derechos igualitarios</subfield>
    <subfield code="c">2018</subfield>
    <subfield code="a">Costa Rica</subfield>
  </datafield>
  <datafield tag="300" ind1=" " ind2=" ">
    <subfield code="a">99p.</subfield>
    <subfield code="c">16.5x21.5cm</subfield>
  </datafield>
  <datafield tag="490" ind1=" " ind2=" ">
    <subfield code="v">2018</subfield>
    <subfield code="a">5</subfield>
  </datafield>
  <datafield tag="505" ind1=" " ind2=" ">
    <subfield code="a">Nos quer&#xED;an matar pero nos elevaron al cielo</subfield>
    <subfield code="r">David Ulloa</subfield>
  </datafield>
  <datafield tag="505" ind1=" " ind2=" ">
    <subfield code="a">Hitos Hist&#xF3;ricos LGBTI 2017-2018</subfield>
    <subfield code="t">JOSE DANIEL CLARKE</subfield>
  </datafield>
  <datafield tag="505" ind1=" " ind2=" ">
    <subfield code="a">ANUARIO DE MI BISEXUALIDAD</subfield>
    <subfield code="r">NAT DIAZ</subfield>
  </datafield>
  <datafield tag="505" ind1=" " ind2=" ">
    <subfield code="a">YO NO QUER&#xCD;A SER LESBIANA</subfield>
    <subfield code="r">MICHELLE ROE</subfield>
  </datafield>
  <datafield tag="505" ind1=" " ind2=" ">
    <subfield code="a">EDITORIAL FOTOGRAFICO THE PUSSY GANG</subfield>
    <subfield code="t">P&#xCD;A MORALES</subfield>
  </datafield>
  <datafield tag="505" ind1=" " ind2=" ">
    <subfield code="a">LESBIANDRAMA</subfield>
    <subfield code="g">SHI ALARC&#xD3;N</subfield>
  </datafield>
  <datafield tag="505" ind1=" " ind2=" ">
    <subfield code="a">SOBRE LO QUEER</subfield>
    <subfield code="t">CAMILO FERNANDEZ</subfield>
  </datafield>
  <datafield tag="505" ind1=" " ind2=" ">
    <subfield code="a">EDITORIAL FOTOGR&#xC1;FICO TRIBUS GAYS</subfield>
    <subfield code="g">ALEJANDRO IBARRA</subfield>
  </datafield>
  <datafield tag="505" ind1=" " ind2=" ">
    <subfield code="a">CON CU&#xC1;L ENTONCES?</subfield>
    <subfield code="r">MAURICIO CANTILLO</subfield>
  </datafield>
  <datafield tag="505" ind1=" " ind2=" ">
    <subfield code="a">SUE&#xD1;O UNA VAGINA</subfield>
  </datafield>
  <datafield tag="505" ind1=" " ind2=" ">
    <subfield code="a">DETR&#xC1;S DEL PORT&#xD3;N ROJO Y M&#xC1;S ALL&#xC1;</subfield>
  </datafield>
  <datafield tag="505" ind1=" " ind2=" ">
    <subfield code="a">LOS RETOS DE LA ADMINISTRACI&#xD3;N ALVARADO</subfield>
  </datafield>
  <datafield tag="505" ind1=" " ind2=" ">
    <subfield code="a">ENTREVISTA A KIKE S&#xC1;NCHEZ</subfield>
    <subfield code="r">DAVID ULLOA</subfield>
  </datafield>
  <datafield tag="505" ind1=" " ind2=" ">
    <subfield code="a">SAN CARLOS</subfield>
    <subfield code="r">MAX RODRIGUEZ</subfield>
  </datafield>
  <datafield tag="505" ind1=" " ind2=" ">
    <subfield code="a">CUERPOS Y TERRITORIOS IND&#xD3;MITOS</subfield>
  </datafield>
  <datafield tag="505" ind1=" " ind2=" ">
    <subfield code="a">HOLA, MAMI</subfield>
  </datafield>
  <datafield tag="505" ind1=" " ind2=" ">
    <subfield code="a">EDITORIAL FOTOGR&#xC1;FICO, GRACIAS!!</subfield>
  </datafield>
  <datafield tag="505" ind1=" " ind2=" ">
    <subfield code="a">CODA Y CANCI&#xD3;N RECUERDO</subfield>
    <subfield code="r">ALFONSO CHASE</subfield>
  </datafield>
  <datafield tag="505" ind1=" " ind2=" ">
    <subfield code="a">DIOS E INGENUIDAD</subfield>
    <subfield code="r">HER&#xD3;N SENA</subfield>
  </datafield>
  <datafield tag="505" ind1=" " ind2=" ">
    <subfield code="a">DE "ENTRE AMIGOS" A LA "FEDERACI&#xD3;N LGBTI": 25 A&#xD1;OS DEL MOVIMIENTO DE DISIDENCIA SEXUAL Y G&#xC9;NERO EN EL SALVADOR</subfield>
    <subfield code="r">AMARAL AR&#xC9;VALO</subfield>
  </datafield>
  <datafield tag="505" ind1=" " ind2=" ">
    <subfield code="a">EQUIPARAR DERECHOS, PRINCIPIO B&#xC1;SICO DE LA JUSTICIA</subfield>
  </datafield>
  <datafield tag="505" ind1=" " ind2=" ">
    <subfield code="a">ELEFANTE BLANCO</subfield>
  </datafield>
  <datafield tag="505" ind1=" " ind2=" ">
    <subfield code="a">GUSTOS SON GUSTOS?</subfield>
    <subfield code="g">FELIPE GUZMAN</subfield>
  </datafield>
  <datafield tag="505" ind1=" " ind2=" ">
    <subfield code="a">FLORES, L&#xC1;GRIMAS Y MUCHO SEXO</subfield>
  </datafield>
  <datafield tag="505" ind1=" " ind2=" ">
    <subfield code="a">ENTREVISTA JONATHAN SALAS</subfield>
    <subfield code="g">ALEJANDRO PIERCY</subfield>
  </datafield>
  <datafield tag="505" ind1=" " ind2=" ">
    <subfield code="a">BARRERAS DE PROTECCI&#xD3;N PARA MSM</subfield>
    <subfield code="r">FERNANDA RIGBY</subfield>
  </datafield>
  <datafield tag="505" ind1=" " ind2=" ">
    <subfield code="a">LO L&#xDA;DICO ES POL&#xCD;TICO</subfield>
  </datafield>
  <datafield tag="505" ind1=" " ind2=" ">
    <subfield code="a">CANCI&#xD3;N A M&#xCD; MISMA</subfield>
  </datafield>
  <datafield tag="505" ind1=" " ind2=" ">
    <subfield code="a">AGENDA POL&#xCD;TICA PARA MUJERES LESBIANAS, BISEXUALES Y NO HETEROSEXUALES</subfield>
  </datafield>
  <datafield tag="505" ind1=" " ind2=" ">
    <subfield code="a">AGENDA DE ACTIVIDADES</subfield>
  </datafield>
  <datafield tag="650" ind1=" " ind2=" ">
    <subfield code="2">Tesauro de Arte &amp; Arquitectura</subfield>
    <subfield code="a">ARTE</subfield>
  </datafield>
  <datafield tag="650" ind1=" " ind2=" ">
    <subfield code="2">Tesauro de Arte &amp; Arquitectura</subfield>
    <subfield code="a">DIVERSIDAD</subfield>
  </datafield>
  <datafield tag="650" ind1=" " ind2=" ">
    <subfield code="2">Tesauro de Arte &amp; Arquitectura</subfield>
    <subfield code="a">ORGULLO</subfield>
  </datafield>
  <datafield tag="650" ind1=" " ind2=" ">
    <subfield code="2">Tesauro de Arte &amp; Arquitectura</subfield>
    <subfield code="a">HOMOSEXUALIDAD</subfield>
  </datafield>
  <datafield tag="650" ind1=" " ind2=" ">
    <subfield code="2">Tesauro de Arte &amp; Arquitectura</subfield>
    <subfield code="a">CRITICA</subfield>
  </datafield>
  <datafield tag="651" ind1=" " ind2=" ">
    <subfield code="2">Tesauro de Arte &amp; Arquitectura</subfield>
    <subfield code="a">COSTA RICA</subfield>
  </datafield>
  <datafield tag="942" ind1=" " ind2=" ">
    <subfield code="2">ddc</subfield>
    <subfield code="c">1</subfield>
    <subfield code="h">779.942.092</subfield>
    <subfield code="i">I12o</subfield>
    <subfield code="n">0</subfield>
  </datafield>
  <datafield tag="999" ind1=" " ind2=" ">
    <subfield code="c">4126</subfield>
    <subfield code="d">4126</subfield>
  </datafield>
  <datafield tag="952" ind1=" " ind2=" ">
    <subfield code="0">0</subfield>
    <subfield code="1">0</subfield>
    <subfield code="2">ddc</subfield>
    <subfield code="3">2018</subfield>
    <subfield code="4">0</subfield>
    <subfield code="7">0</subfield>
    <subfield code="8">Revistas</subfield>
    <subfield code="a">LV</subfield>
    <subfield code="b">LV</subfield>
    <subfield code="d">2023-08-16</subfield>
    <subfield code="h">05</subfield>
    <subfield code="i">003221</subfield>
    <subfield code="l">0</subfield>
    <subfield code="o">779.942.092 I12o</subfield>
    <subfield code="p">003221</subfield>
    <subfield code="r">2023-08-16 00:00:00</subfield>
    <subfield code="w">2023-08-16</subfield>
    <subfield code="y">1</subfield>
  </datafield>
</record>
